<?xml version="1.0" encoding="UTF-8"?>
<record
    xmlns:xsi="http://www.w3.org/2001/XMLSchema-instance"
    xsi:schemaLocation="http://www.loc.gov/MARC21/slim http://www.loc.gov/standards/marcxml/schema/MARC21slim.xsd"
    xmlns="http://www.loc.gov/MARC21/slim">

  <leader>00561nam a22001937a 4500</leader>
  <controlfield tag="005">20240701113440.0</controlfield>
  <datafield tag="010" ind1=" " ind2=" ">
    <subfield code="a">B-760005</subfield>
  </datafield>
  <datafield tag="020" ind1=" " ind2=" ">
    <subfield code="a">9788186261927</subfield>
    <subfield code="c">395.00</subfield>
  </datafield>
  <datafield tag="035" ind1=" " ind2=" ">
    <subfield code="a">B-760005</subfield>
  </datafield>
  <datafield tag="037" ind1=" " ind2=" ">
    <subfield code="b">Universal press</subfield>
  </datafield>
  <datafield tag="082" ind1=" " ind2=" ">
    <subfield code="a">S</subfield>
  </datafield>
  <datafield tag="100" ind1=" " ind2=" ">
    <subfield code="a">Kipling, Rudyard</subfield>
    <subfield code="9">67935</subfield>
  </datafield>
  <datafield tag="245" ind1=" " ind2=" ">
    <subfield code="a">The jungle book /</subfield>
    <subfield code="c">by Rudyard Kipling</subfield>
  </datafield>
  <datafield tag="260" ind1=" " ind2=" ">
    <subfield code="a"> Delhi</subfield>
    <subfield code="b">Universal press</subfield>
    <subfield code="c">2021</subfield>
  </datafield>
  <datafield tag="270" ind1=" " ind2=" ">
    <subfield code="a">Preet vihar</subfield>
    <subfield code="b">New Delhi</subfield>
    <subfield code="e">110092</subfield>
  </datafield>
  <datafield tag="300" ind1=" " ind2=" ">
    <subfield code="a">168p.:</subfield>
    <subfield code="c">22cm(Hb)</subfield>
    <subfield code="b">ill.</subfield>
  </datafield>
  <datafield tag="942" ind1=" " ind2=" ">
    <subfield code="2">ddc</subfield>
    <subfield code="c">CH</subfield>
    <subfield code="m">KIP</subfield>
    <subfield code="h">S</subfield>
  </datafield>
  <datafield tag="999" ind1=" " ind2=" ">
    <subfield code="c">203833</subfield>
    <subfield code="d">203833</subfield>
  </datafield>
  <datafield tag="952" ind1=" " ind2=" ">
    <subfield code="0">0</subfield>
    <subfield code="1">0</subfield>
    <subfield code="4">0</subfield>
    <subfield code="7">0</subfield>
    <subfield code="8">FIC</subfield>
    <subfield code="a">AV</subfield>
    <subfield code="b">AV</subfield>
    <subfield code="d">2024-07-01</subfield>
    <subfield code="e">Gift/25.06.2024</subfield>
    <subfield code="g">395.00</subfield>
    <subfield code="l">0</subfield>
    <subfield code="o">KIP S</subfield>
    <subfield code="p">B-760005</subfield>
    <subfield code="r">2024-07-01 00:00:00</subfield>
    <subfield code="t">1</subfield>
    <subfield code="v">395.00</subfield>
    <subfield code="w">2024-07-01</subfield>
    <subfield code="y">CH</subfield>
    <subfield code="z">Gift</subfield>
  </datafield>
</record>
